"Polgári Olvasókör" Királyhelmecen
Informácia o zriadení horemenovaného kruhu v Kráľovskom Chlmci 19.10.1904. Sústreďoval v svojom kruhu hlavne živnostníkov - remeselníkov. Predsedom sa stal advokát Ľudovít Pál, podpredsedom František [Štefan?] Pauliczky a notárom advokátsky koncipient Pavol Zlotzky
| Médium: | Článok |
|---|---|
| Jazyk: | Hungarian |
| Témy: |
Pál, Ľudovít
> 18??-19??
> advokát, predseda čítacieho spolku
> Kráľovský Chlmec (Slovensko)
> pôsobenie
Pauliczky Palocsai, Štefan
> 1888-1940
> úradník župný, slúžny, notár
> Kráľovský Chlmec (Slovensko)
> rodák
> Rimavská Sobota (Slovensko)
> štúdium
> Sátoraljaújhely (Slovensko/Maďarsko),
> pôsobenie, úmrtie
|
| Zdroj: |
1. Felsömagyarországi Hirlap : Politikai ujság 1. Roč. 7, č. 84 (26.10.1904) s. 2 |
| LEADER | 02073nab#a2200457#ar4500 | ||
|---|---|---|---|
| 001 | 000090482 | ||
| 003 | SVKKK | ||
| 005 | 20080721095734.0 | ||
| 008 | 080512d1904 xo |||||||||||||||b|hun | ||
| FMT | |||
| 038 | |a SVKKK | ||
| 040 | |a SVKKK |b slo |e AACR2 | ||
| 041 | 0 | |a hun | |
| 044 | |a xo |c SK | ||
| 080 | |a 323:061.2 |2 1997 | ||
| 080 | |a 061.2 |2 1997 | ||
| 080 | |a 347.961 |2 1997 | ||
| 080 | |a 347.965 |2 1997 | ||
| 080 | |a 929 Pál, Ľudovít |2 1997 | ||
| 080 | |a 929 Pauliczky Palocsai, František |2 1997 | ||
| 080 | |a 929 Zlotzky, Pavol |2 1997 | ||
| 242 | 1 | 0 | |a "Občiansky čítací kruh" v Kráľovskom Chlmci |y slo |
| 245 | 1 | 2 | |a "Polgári Olvasókör" Királyhelmecen |
| 500 | |a Popis z mikrofilmu | ||
| 520 | 2 | |a Informácia o zriadení horemenovaného kruhu v Kráľovskom Chlmci 19.10.1904. Sústreďoval v svojom kruhu hlavne živnostníkov - remeselníkov. Predsedom sa stal advokát Ľudovít Pál, podpredsedom František [Štefan?] Pauliczky a notárom advokátsky koncipient Pavol Zlotzky | |
| 600 | 1 | 4 | |a Pál, Ľudovít |d 18??-19?? |x advokát, predseda čítacieho spolku |z Kráľovský Chlmec (Slovensko) |x pôsobenie |
| 600 | 1 | 4 | |a Pauliczky Palocsai, Štefan |d 1888-1940 |x úradník župný, slúžny, notár |d Kráľovský Chlmec (Slovensko) |x rodák |d Rimavská Sobota (Slovensko) |x štúdium |z Sátoraljaújhely (Slovensko/Maďarsko), |x pôsobenie, úmrtie |
| 600 | 1 | 4 | |a Zlotzky, Pavol |x advokátsky koncipient |d 18??-19?? |z Kráľovský Chlmec (Slovensko) |x pôsobenie |
| 610 | 2 | 4 | |a Občiansky čítací kruh (Kráľovský Chlmec, Slovensko) |x založenie |z Kráľovský Chlmec (Slovensko) |y 19.10.1904 |
| 655 | 4 | |a hungariká | |
| 773 | 0 | |t Felsömagyarországi Hirlap : Politikai ujság |g Roč. 7, č. 84 (26.10.1904) s. 2 | |
| 957 | |a Kráľovský Chlmec | ||
| 958 | |a DG | ||
| 958 | |a HU | ||
| 974 | |a Ba | ||
| 992 | |a RBX | ||
| 997 | |a Pál, Lajos p. Pál, Ľudovít |d Királyhelmec p. Kráľovský Chlmec | ||
| 997 | |a Pauliczky Palocsai, István p. Pauliczky Palocsai, Štefan | ||
| 997 | |a Zlotzky, Pál p. Zlotzky, Pavol | ||
| BAS | |||
| 998 | |a RETRO | ||